NHL Teams by Three Skaters and a Goalie - Statistics

General Stats
  • This quiz has been taken 192 times
    140 since last reset
  • The average score is 26 of 32
Answer Stats
Hint Explanation Answer % Correct
Glenn Hall, Stan Mikita, Chris Chelios, Connor Bedard Chicago Blackhawks
92%
Jari Kurri, Bill Ranford, Ryan Smyth, Connor McDavid Edmonton Oilers
91%
Les Binkley, Lowell MacDonald, Jaromir Jagr, Sidney Crosby Pittsburgh Penguins
91%
Peter Šťastný, Joe Sakic, Patrick Roy, Nathan MacKinnon Formerly the Quebec Nordiques Colorado Avalanche
89%
Wayne Cashman, Ray Bourque, Patrice Bergeron, Tuuka Rask Boston Bruins
87%
John MacLean, Ken Daneyko, Martin Brodeur, Nico Hischier Formerly the Kansas City Scouts and Colorado Rockies New Jersey Devils
86%
Daniel Alfredsson, Patrick Lalime, Dany Heatley, Brady Tkachuk Ottawa Senators
86%
Bill Barilko, Börje Salming, Felix Potvin, Mitch Marner Toronto Maple Leafs
86%
Ilya Kovalchuk, Dustin Byfuglien, Kyle Connor, Connor Hellebuyck Formerly the Atlanta Thrashers Winnipeg Jets
86%
Glen Wesley, Cam Ward, Justin Williams, Sebastian Aho, Formerly the Hartford Whalers Carolina Hurricanes
85%
Ted Lindsay, Steve Yzerman, Chris Osgood, Dylan Larkin Detroit Red Wings
85%
Marcel Dionne, Luc Robitaille, Jonathan Quick, Anze Kopitar Los Angeles Kings
85%
Georges Vezina, Toe Blake, Vincent Damphousse, Cole Caufield Montreal Canadiens
85%
Walt Tkaczuk, Adam Graves, Henrik Lundqvist, Chris Kreider New York Rangers
85%
Stan Smyl, Pavel Bure, Henrik Sedin, Thatcher Demko Vancouver Canucks
85%
Rod Langway, Peter Bondra, Braden Holtby, T.J. Oshie Washington Capitals
85%
Sandis Ozolinsh, Olli Jokinen, Roberto Luongo, Sam Reinhart Florida Panthers
84%
Bernie Federko, Brett Hull, Chris Pronger, Jordan Binnnington St. Louis Blues
84%
Martin Erat, P.K. Subban, Pekka Rinne, Filip Forsberg Nashville Predators
81%
Pat Falloon, Evgeni Nabokov, Joe Thornton, Logan Couture San Jose Sharks
81%
Gilbert Perreault, Alexander Mogilny, Dominik Hasek, Rasmus Dahlin Buffalo Sabres
80%
Dino Cicarelli, Mike Modano, Andy Moog, Jason Robertson Formerly the Minnesota North Stars Dallas Stars
79%
Mikko Koivu, Zach Parise, Devan Dubnyk, Jared Spurgeon Minnesota Wild
79%
Rick Nash, Marc Denis, Seth Jones, Johnny Gaudreau, Columbus Blue Jackets
78%
Mike Bossy, Pat LaFontaine, Jaroslav Halak, Brock Nelson New York Islanders
77%
Bobby Clarke, Ron Hextall, Eric Lindros, Wayne Simmonds Philadelphia Flyers
77%
Roman Hamrlik, Nikolai Khabibulin, Brad Richards, Steven Stamkos Tampa Bay Lightning
77%
Lanny McDonald, Jarome Iginla, Miikka Kiprusoff, Mikael Backlund Formerly the Atlanta Flames Calgary Flames
76%
Max Pacioretty, Shea Theodore, Mark Stone, Adin Hill Vegas Golden Knights
75%
Joe Sacco, Teemu Selänne, Jean-Sébastien Giguère, Ryan Getzlaf Formerly the Mighty Ducks of Anaheim Anaheim Ducks
73%
Martin Jones, Jordan Eberle, Brandon Tanev, Adam Larsson Seattle Kraken
67%
Brian Hayward, Dale Hawerchuk, Shane Doan, Liam O'Brien Formerly the Winnipeg Jets (1979-1996) and Phoenix/Arizona Coyotes Utah Hockey Club
63%
No matching quizzes found
Score Distribution
Percent of People with Each Score
Percentile by Number Answered
Your Score History
You have not taken this quiz since the last reset